| 000 | 00594cam a22002294a 4500 | ||
|---|---|---|---|
| 005 | 20250605164326.0 | ||
| 008 | 250528s ||||||||||||||||||||||||d | ||
| 035 | _a23043 | ||
| 020 | _a9780136394037 | ||
| 040 |
_aGR-AtMCL _bgre _dGR-AtMCL _eAACR2 |
||
| 245 | 1 | _aTOTAL QUALITY MANAGEMENT | |
| 250 | _a2 | ||
| 260 |
_bPrentice Hall, _c1999 |
||
| 300 | _a533 | ||
| 700 | 1 |
_aBesterfield Dale H. _91478 |
|
| 700 | 1 |
_aBesterfield H. Glen _91479 |
|
| 700 | 1 |
_aBesterfield-Michna Carol _98617 |
|
| 700 | 1 |
_aBesterfield-Sacre Mary _98618 |
|
| 942 | _cBK | ||
| 999 |
_c8083 _d8083 |
||